Načítá se...

Principles of electrical engineering

Podrobná bibliografie
Hlavní autor: Toro, Vincent Del
Médium: Printed Book
Jazyk:English
Vydání:2
Témata:
LEADER 00384nam a2200121Ia 4500
008 101008s9999 xx 000 0 eng d
100 |a Toro, Vincent Del 
245 |a Principles of electrical engineering 
250 |a 2 
650 |a Physical Science Teaching 
942 |c BK 
999 |c 181745  |d 181745 
952 |0 0  |1 0  |4 0  |7 0  |9 201037  |a EDU  |b EDU  |c ST1  |d 2010-10-20  |i 3266  |l 0  |p EDU3266  |r 2018-08-29  |w 2018-08-29  |y BK